Statistiche per Paesi europei con più foreste

Clicka qui per fare il quiz!

Statistiche generali

  • Questo quiz è stato fatto 240 volte
  • Il punteggio medio è 9 su 12

Statistiche sulle risposte

%Paese% Corretto
69Svezia
95%
72Finlandia
94%
61Estonia
83%
47Austria
80%
60Lettonia
80%
60Slovenia
79%
39Bielorussia
76%
44Croazia
76%
41Slovacchia
76%
53Bosnia e Erzegovina
72%
40Macedonia
67%
45Montenegro
67%

Distribuzione punteggi

Percentile per numero di risposta

Percentuale di utenti per punteggio

I tuoi punteggi nel tempo

Non hai fatto questo quiz